| 000 | 01169nam a22002657a 4500 | ||
|---|---|---|---|
| 003 | BD-DhSAU | ||
| 005 | 20211018171855.0 | ||
| 008 | 210929b |||||||| |||| 00| 0 eng d | ||
| 040 | _aBD-DhSAU | ||
| 082 |
_222 _a636.085 _bR2199 |
||
| 100 |
_aRIDAY, MD. SAZZADUL ISLAM _eRegistration No.:# 13-05555 |
||
| 245 |
_aFood safety practices by residential people live in sher-e-bangla agricultural university (sau) campus and bacterial count in milk found in sau market: a food safety issue / _bMs Thesis |
||
| 260 |
_aSher-e-Bangla Agricultural University Dhaka 1207; _bDepartment of Animal Nutrition Genetics and Breeding; _c2020; |
||
| 300 |
_axiv; _b55p.; _c30cm.; |
||
| 500 | _aIncluding Index.; | ||
| 590 | _anazmul | ||
| 600 | _qFood safety practices | ||
| 610 | _aresidential people live | ||
| 650 | _asher-e-bangla agricultural university (sau) campus | ||
| 651 | _abacterial count, milk found in sau market, food safety issue | ||
| 700 |
_aProf. Dr. Md. Mufazzal Hossain _eSupervisor |
||
| 710 |
_aAshikur Rahman _eCo-Supervisor |
||
| 856 |
_yOnline Access _uhttp://archive.saulibrary.edu.bd:8080/xmlui/handle/123456789/3360 |
||
| 942 |
_2ddc _cTHESIS |
||
| 999 |
_c15579 _d15578 |
||